Finisci la canzone -canzoni italiane - Statistics

Statistiche generali
  • Questo quiz è stato fatto 1.086 volte
  • Il punteggio medio è 5 su 13
Statistiche sulle risposte
testo parola/e % Corretto
A centottanta mettendo la _____ , lei mi dice rallenta ma mi gira la testa sesta
87%
Le navi salpano, le spiagge bruciano, ____ di ragazze dentro i bagni che si amano selfie
60%
Il guercio entra di corsa con una novità, dritta sicura: si mormora che i ______ hanno fatto bang cannoni
53%
E in ogni ____ c'è una storia, il timore, l'amore, la fine di una vita, il principio di altre mille stadio
51%
Salve direttore, io mi chiamo Nico, è un piacere incontrare la ____ che fa il suo impiego gente
45%
Sono lontani quei momenti, quando uno ______ provocava turbamenti sguardo
36%
Certe notti la radio che passa ____ ____ , sembra avere capito chi sei Neil Young
31%
Faccia sporca come trafficanti, nella zona meglio che ti calmi, frate c'ho il ______ da tutte le parti contatto
28%
Labbra gusto di fumo mischiate col _____ , rende la testa pesante ma il cuore più leggero Pampero
26%
Una vita da mediano da chi segna sempre poco, che il pallone devi darlo a chi _____ il gioco finalizza
22%
Piccola stella senza cielo, ti mostrerai, ci ________ mentre scoppi in volo incanteremo
18%
È bastato star dentro in un altro _____ per capire che in fondo avrei rotto cappotto
13%
Che bello è quando lo stadio è pieno e la musica, la musica riempie il cielo, è una _____ libidine
13%
Nessun quiz corrispondente trovato
Distribuzione punteggi
Percentuale di utenti per punteggio
Percentile per numero di risposta
I tuoi punteggi nel tempo
Non hai fatto questo quiz